00731 2200253 4500001002100000005001700021008004100038020002200079035002400101040001200125082001500137084002100152100003100173245007200204250001100276260003300287300003200320500001100352504003100363650003200394700001700426850001200443990002200455INLIS00000000002529920170301134333.0  a978-602-391-299-5 0010-021700000000113 aYOPDYOG 223a297.09 aDEP 297.09 Riz S aRIZEM AIZID, USTADZ, 1987- aSejarah islam Nusantarac/ Ustadz Rizem Aizid; editor, Abidurrahman aCet. 1 aYogyakartabDiva Pressc2016 a396 hlm.b: ilus.c; 24 cm. aIndeks aBibliografi : hlm. 377-386 aIslam - Sejarah - Indonesia aAbidurrahman aYOPDYOG aCB-D.11/2016-1236